000 00468nam a2200181 a 4500
020 _a8120889
082 0 0 _a294.5921
_bSHA
100 _aSharma, Arvind
245 _aExperimental Dimensions of Advaita Vedanta.
260 _aDelhi
_bMotilal Banarsidass
_c1993
300 _a116p.
500 _aincludes index and biblioraphy
505 2 _aBibliography
650 _aVedas-Hinduism
650 _aAdvaita Vedanta
700 1 _aSharma, Arvind
942 _cBK
999 _c10244
_d10244